[Event "DEM U10 2017"]
[Site "Willingen GER"]
[Date "2017.06.10"]
[Round "11"]
[White "Fröhlich, Niklas"]
[Black "May, Alexander"]
[Result "0-1"]
[Termination "normal"]
[Board "29"]
[WhiteElo "1023"]
[BlackElo "1112"]
[PlyCount "138"]
[WhiteFideId "16245016"]
[BlackFideId "16244974"]
[EventCountry "GER"]
[EventRounds "11"]
[EventType "swiss"]
[EventDate "2017.06.03"]

1. e4 c5 2. Nf3 d6 3. Bb5+ Bd7 4. Bxd7+ Qxd7 5. O-O Nc6 6. Qe2 Nf6 7. Rd1 e6 8.
Nc3 Be7 9. d3 O-O 10. Ne1 Nd4 11. Qe3 Rfe8 12. Qg3 Bf8 13. Bg5 Qe7 14. h4 b5
15. h5 b4 16. Bxf6 Qxf6 17. e5 dxe5 18. Ne4 Ne2+ 19. Kh2 Qd8 20. Qg4 Nd4 21.
Ng3 Kh8 22. c3 Nc6 23. Nf3 a5 24. Qe4 Qc7 25. Ng5 f5 26. Qc4 Qd7 27. Nxf5 exf5
28. Nf7+ Kg8 29. Nxe5+ Qe6 30. Nxc6 Qxc4 31. dxc4 Ra6 32. Rd8 Rxd8 33. Nxd8 Be7
34. Rd1 Kf8 35. Nb7 Ra7 36. Nd6 Rd7 37. Rd5 Rxd6 38. Rxf5+ Rf6 39. Rxf6+ Bxf6
40. cxb4 axb4 41. a4 bxa3 42. bxa3 Ke7 43. g4 Bb2 44. a4 Kd6 45. f4 Bc3 46. f5
Ke5 47. Kh3 Kf4 48. Kh4 Be1+ 49. Kh3 Ba5 50. Kh4 Bd8+ 51. Kh3 h6 52. f6 gxf6
53. a5 Bxa5 54. g5 fxg5 55. Kg2 Ke4 56. Kg3 Kd4 57. Kg4 Kxc4 58. Kf5 Bd2 59.
Kg6 g4 60. Kh7 g3 61. Kh8 g2 62. Kh7 g1=Q 63. Kh8 Kd5 64. Kh7 Bc3 65. Kxh6 Ke6
66. Kh7 Kf7 67. h6 Bd2 68. Kh8 c4 69. h7 Bc3# 0-1